00457nam a22001457a 4500020001800000082001200018100001800030245004700048260002800095300000800123650001900131942000700150952013700157999001700294 a81-7109-005-2 a270 SCH aSchreck, Alan aThe Compact History Of The Catholic Church aMumbaibSt. Paulsc1987 a191 aChurch-History cBK 00104070aHMIbHMIcGENd2017-08-24ePauline Book and Media Centre, Sec'badg100.00l0o270 SCHp25342r2017-08-31w2026-01-16yBK c20601d20601